we're not alike - Tate McRae - Statistics

General Stats
  • This quiz has been taken 31 times
  • The average score is 275 of 356
Answer Stats
% Correct
a
100%
I
100%
no)
95%
No,
95%
(No,
95%
the
95%
you
95%
You
95%
(You
95%
alike
90%
alike)
90%
do
90%
(Do
90%
it
90%
not
90%
(Oh,
90%
we're
90%
(We're
90%
and
85%
And
85%
but
85%
But
85%
I'm
85%
of
85%
your
85%
by
80%
good
80%
got
80%
my
80%
she
80%
She
80%
so
80%
So
80%
that'
80%
that
80%
why
80%
(Why)
80%
wonder
80%
you're
80%
back
75%
could
75%
did
75%
girl,
75%
girl's
75%
had
75%
knife
75%
know
75%
lack
75%
lie
75%
lie)
75%
never
75%
once
75%
Said
75%
that's
75%
(That's
75%
Time
75%
time,
75%
to
75%
twice
75%
twice)
75%
was
75%
close
70%
fact
70%
innocent
70%
innocent)
70%
Judgin'
70%
nothin'
70%
see
70%
Than
70%
there's
70%
when
70%
worse
70%
yeah,
70%
Yeah,
70%
(Yeah),
70%
'cause
65%
'Cause
65%
him
65%
I'll
65%
me
65%
right
65%
should
65%
side
65%
this
65%
would
65%
doesn't
60%
eyes
60%
missin'
60%
sayin'
60%
heal,
55%
judgment
55%
petty
55%
signs
55%
still
55%
told
55%
Told
55%
truth
55%
want
55%
wrong
55%
admit
50%
decide
50%
haven't
50%
instead?
50%
instead,
50%
look
50%
maybe
50%
over
50%
pulled
50%
sorry
50%
calls
40%
herself
40%
fuckin'
35%
wool
35%
Or
30%
like,
25%
um)
10%
wе're
0%
No matching quizzes found
Score Distribution
Percent of People with Each Score
Percentile by Number Answered
Your Score History
You have not taken this quiz